Between you and me. Guided dialogues for conversation practice
Saved in:
| Main Authors: | , |
|---|---|
| Format: | Bog |
| Sprog: | engelsk |
| Udgivet: |
Hong Kong
Thomas Nelson
1974
|
| Fag: | |
| Tags: |
Tilføj Tag
Ingen Tags, Vær først til at tagge denne postø!
|
MARC
| LEADER | 00000nam a2200000 a 4500 | ||
|---|---|---|---|
| 001 | UCI1311 | ||
| 003 | CL-VaPUC | ||
| 008 | 070629e19740000CH |||||||||||||||||eng|d | ||
| 020 | |a 0175551010 | ||
| 082 | 0 | 4 | |a 428.8 |b MAL |2 21 |
| 100 | |a Maley, Alan |e autor |9 522962 | ||
| 700 | 0 | |a Newbwrry, Raymond S |e author |9 521750 | |
| 245 | 1 | 0 | |a Between you and me. Guided dialogues for conversation practice |
| 300 | |a 94 p | ||
| 942 | |c BK | ||
| 945 | |d 20070629 00:00:00 |a rbrito | ||
| 260 | |a Hong Kong |b Thomas Nelson |c 1974 | ||
| 650 | 0 | |a Enseñanza del inglés |9 367340 | |
| 650 | 0 | |a Enseñanza de idiomas |9 339820 | |
| 650 | 0 | |a Inglés |9 260023 | |
| 650 | 0 | |a Comprensión |9 339377 | |
| 650 | 7 | |a EJERCICIOS DE CONVERSACION |2 CL-VaPUC |9 521751 | |
| 583 | |a last modification |c 20070629 00:00:00 |k Rodrigo Vera | ||
| 999 | |c 326143 |d 326141 | ||
| 952 | |0 0 |1 0 |4 0 |6 428_800000000000000_MAL_1974 |7 0 |8 A |9 407880 |a BIBEDU |b BIBEDU |d 2019-11-22 |i 4067789 |o 428.8 MAL 1974 |p 4067789 |r 2019-11-22 |w 2019-11-22 |y BK |k LIT | ||